Statistics for NASCAR Daytona Twin/Dual Qualifying Race Champions

Click here to take the quiz!

General Stats

  • This quiz has been taken 39 times
  • The average score is 81 of 102

Answer Stats

HintAnswer% Correct
2003 Race 2 | 2004 Race 1 | 2008 Race 1 | +2 othersDale Earnhardt, Jr.
100%
1990 Race 2Dale Earnhardt, Sr
100%
1983 Race 1 | 1986 Race 2 | 1991 Race 2 | +8 othersDale Earnhardt, Sr.
100%
2010 Race 1 | 2015 Race 2Jimmie Johnson
100%
2008 Race 2 | 2014 Race 2 | 2017 Race 2Denny Hamlin
95%
1993 Race 1 | 2002 Race 1 | 2006 Race 2 | +2 othersJeff Gordon
95%
2019 Race 2 | 2020 Race 1Joey Logano
95%
1977 Race 1Richard Petty
95%
2003 Race 1Robbie Gordon
95%
1985 Race 1 | 1986 Race 1 | 1992 Race 2 | 2000 Race 1Bill Elliott
90%
2022 Race 1Brad Keselowski
90%
2017 Race 1 | 2018 Race 2Chase Elliott
90%
1976 Race 2 | 1978 Race 2 | 1979 Race 2 | +2 othersDarrell Waltrip
90%
2011 Race 1Kurt Busch
90%
2009 Race 2 | 2013 Race 2 | 2016 Race 2Kyle Busch
90%
2002 Race 2 | 2005 Race 1Michael Waltrip
90%
2020 Race 2William Byron
90%
1972 Race 2 | 1975 Race 1 | 1981 Race 1 | +2 othersBobby Allison
85%
1991 Race 1Davey Allison
85%
1980 Race 2Donnie Allison
85%
2005 Race 2 | 2007 Race 1 | 2012 Race 1Tony Stewart
85%
1973 Race 2Coo Coo Marlin
80%
2013 Race 1 | 2019 Race 1Kevin Harvick
80%
2012 Race 2 | 2014 Race 1Matt Kenseth
80%
1995 Race 1 | 1998 Race 1 | 2001 Race 1Sterling Marlin
80%
2022 Race 2Chris Buescher
75%
1987 Race 2Benny Parsons
70%
1999 Race 1Bobby Labonte
70%
1974 Race 2 | 1977 Race 2 | 1982 Race 1 | +2 othersCale Yarborough
70%
1975 Race 2David Pearson
70%
2011 Race 2Jeff Burton
70%
2010 Race 2Kasey Kahne
70%
2018 Race 1Ryan Blaney
70%
1989 Race 2Terry Labonte
70%
1997 Race 1Dale Jarrett
65%
2021 Race 1Arik Almirola
60%
2021 Race 2Austin Dillon
55%
1994 Race 1 | 1996 Race 2Ernie Irvan
55%
1973 Race 1 | 1979 Race 1 | 1982 Race 2Buddy Baker
50%
1987 Race 1 | 1989 Race 1Ken Schrader
50%
2000 Race 2Ricky Rudd
50%
1972 Race 1 | 1974 Race 1Bobby Isaac
40%
1990 Race 1Geoff Bodine
40%
1980 Race 1 | 1983 Race 2Neil Bonnett
40%
1978 Race 1A.J. Foyt
35%
2001 Race 2Mike Skinner
30%
2004 Race 2 | 2006 Race 1Elliott Sadler
25%
1976 Race 1Dave Marcis
15%

Score Distribution

Percentile by Number Answered

Percent of People with Each Score

Your Score History

You have not taken this quiz